000 00351nam a2200133Ia 4500
008 240624s9999 xx 000 0 und d
041 _aeng
082 _a828 ROG
100 _aROGERS JIM
245 _aINVESTMENT BIKER AROUND THE WORLD WITH J
260 _c2008
_aNew York
_bJohn Wiley and Sons
300 _axi, : 402 : p. : cm. ; 19
365 _c
_b30
999 _c19081
_d19081